| 000 | 00903nam a2200253 i 4500 | ||
|---|---|---|---|
| 003 | DO-SdBNP | ||
| 005 | 20260204121816.0 | ||
| 007 | ta | ||
| 008 | 260204b1977 dr ||||| |||| 00| 0 spa d | ||
| 040 |
_aDO-SdBNP _bspa _cBNPHU _erda |
||
| 041 | _aspa | ||
| 082 | 4 |
_axxx _bxxx _222 |
|
| 245 | 0 | 3 | _aLa universidad, el pueblo y la lucha presupuestal |
| 264 | 1 |
_aSanto Domingo, R.D. : _bPublicaciones de la Uasd, _c1977. |
|
| 300 |
_a15 páginas ; _c21 cm. |
||
| 336 |
_atexto _btxt _2rdacontent |
||
| 337 |
_asin mediación _bn _2rdamedia |
||
| 338 |
_avolumen _bnc _2rdacarrier |
||
| 490 | 1 |
_aColección UASD Crítica No.20 _v239 |
|
| 500 | _aDiscurso pronunciado por el doctor Guarocuya Batista del Villar, rector de la Universidad Autónoma de Santo Domingo, en la investidura ordinaria celebrada el 25 de febrero de 1977. | ||
| 590 | _aInventariado, 2026/BT | ||
| 910 | _aBtavárez | ||
| 942 |
_2ddc _cLF2 |
||
| 999 |
_c60217 _d60217 |
||